Statistics for Biggest towns of South Lanarkshire

Click here to take the quiz!

General Stats

  • This quiz has been taken 22 times
  • The average score is 7 of 10

Answer Stats

PopulationTown% Correct
54,640Hamilton
100%
8,870Lanark
94%
31,010Cambuslang
81%
75,350East Kilbride
81%
30,750Rutherglen
81%
13,920Carluke
75%
16,790Blantyre
69%
15,100Larkhall
69%
6,970Bothwell
44%
8,180Strathaven
44%

Score Distribution

Percentile by Number Answered

Percent of People with Each Score

Your Score History

You have not taken this quiz